Tous les pays commençant par B - Statistiques

Statistiques générales
  • Ce quiz a été pris 333 fois
  • Le résultat moyen est 13 sur 18
Statistiques - réponses
Réponse % Correct
Belgique
93%
Bolivie
88%
Brésil
83%
Bulgarie
80%
Biélorussie
77%
Birmanie
76%
Bhoutan
71%
Bénin
69%
Botswana
69%
Bahamas
66%
Belize
66%
Bangladesh
65%
Bosnie-Herzegovine
64%
Burundi
64%
Barbade
61%
Bahrein
59%
Burkina Faso
58%
Brunei
53%
Aucun quiz correspondant
Distribution des résultats
% des personnes avec chaque résultat
Percentile par nombre de réponses
Votre historique - résultats
Vous n’avez pas pris ce quiz